[Event "NK Pupillendag 2015"]
[Site "Roosendaal"]
[Date "2015.06.20"]
[Round "6.18"]
[White "G06: Van Cleef Daniel"]
[Black "Jonkman Amelia"]
[Result "0-1"]
[WhiteElo "401"]
[BlackElo "662"]
[PlyCount "40"]
[EventDate "2015.06.20"]
[WhiteClock "0:12:31"]
[BlackClock "0:11:31"]

1. e4 c5 2. Nc3 Nc6 3. f4 d6 4. Bd3 Nf6 5. Bb5 Bd7 6. Bxc6 Bxc6 7. e5 dxe5 8.
fxe5 Bxg2 9. exf6 Bxh1 10. fxg7 Bxg7 11. Qg4 O-O 12. d3 Kh8 13. Bd2 Bc6 14.
O-O-O a5 15. Ne4 f5 16. Qe2 fxe4 17. dxe4 Qb6 18. b3 a4 19. Re1 axb3 20. axb3
Ra1# 0-1

[Event "NK Pupillendag 2015"]
[Site "Roosendaal"]
[Date "2015.06.20"]
[Round "7.1"]
[White "F01: Tjong Tjin Joe Wesley"]
[Black "Rutten Alexander"]
[Result "1/2-1/2"]
[WhiteElo "757"]
[BlackElo "1333"]
[PlyCount "136"]
[EventDate "2015.06.20"]
[WhiteClock "0:05:51"]
[BlackClock "0:11:39"]

1. e4 c5 2. c3 Nf6 3. e5 Nd5 4. d4 cxd4 5. cxd4 e6 6. Bc4 Nb6 7. Be2 d6 8. Nf3
Be7 9. O-O O-O 10. Nc3 Nc6 11. Be3 dxe5 12. dxe5 Qc7 13. Bf4 Rd8 14. Qc2 h6 15.
Nb5 Qb8 16. a3 a6 17. Nc3 Qc7 18. Rad1 Nd7 19. Rd3 Ndxe5 20. Nxe5 Nxe5 21. Re3
Bd6 22. Rd1 Ng6 23. Bxd6 Rxd6 24. Re1 Bd7 25. Bh5 Be8 26. Bxg6 fxg6 27. Rxe6
Rxe6 28. Rxe6 Bf7 29. Re1 Rd8 30. h3 b5 31. Qe2 Re8 32. Qd2 Rxe1+ 33. Qxe1 Qd6
34. Qe2 Qd7 35. Ne4 Bc4 36. Qc2 Bd3 37. Nc5 Bxc2 38. Nxd7 Bf5 39. Nc5 Bc8 40.
Kf1 Kf7 41. Ke2 Ke7 42. Ke3 Kd6 43. Kd4 h5 44. b4 h4 45. f4 Bd7 46. Nxd7 Kxd7
47. Kd5 g5 48. fxg5 g6 49. Ke5 Ke7 50. Kf4 Kd6 51. Kg4 Kd5 52. Kxh4 Kc4 53. Kg4
Kb3 54. Kf4 Kxa3 55. Ke5 Kxb4 56. Kf6 a5 57. Kxg6 a4 58. Kf7 a3 59. g6 a2 60.
g7 a1=Q 61. g8=Q Qa2+ 62. Kg7 Qb2+ 63. Kf7 Qb3+ 64. Kg7 Qc3+ 65. Kh7 Qd3+ 66.
Qg6 Qd7+ 67. Qg7 Qf5+ 68. Qg6 Qd7+ 1/2-1/2

[Event "NK Pupillendag 2015"]
[Site "Roosendaal"]
[Date "2015.06.20"]
[Round "7.2"]
[White "F02: Honkoop Stella"]
[Black "Van Der Hagen Loek"]
[Result "1-0"]
[WhiteElo "895"]
[BlackElo "863"]
[PlyCount "107"]
[EventDate "2015.06.20"]
[WhiteClock "0:03:19"]
[BlackClock "0:00:32"]

1. e4 c5 2. Bc4 Nc6 3. Nf3 d6 4. d4 cxd4 5. Nxd4 Nf6 6. Nc3 e6 7. Bb5 Bd7 8.
O-O a6 9. Bd3 Nxd4 10. f4 Be7 11. e5 dxe5 12. fxe5 Nd5 13. Nxd5 exd5 14. Qd2
O-O 15. Qf2 Ne6 16. Qf5 Bc5+ 17. Kh1 g6 18. Qf3 Nd4 19. Qxd5 b6 20. b4 Bxb4 21.
Qxd4 Bc5 22. Qf4 Qe7 23. Be3 Bxe3 24. Qxe3 Qe6 25. Rab1 b5 26. a3 Rac8 27. Qg3
Rc5 28. Bf5 Qe7 29. Bxd7 Qxd7 30. Rbd1 Qc7 31. Rde1 Rxc2 32. Qb3 Rc3 33. Qd5
Rc5 34. Qd6 Qc8 35. h3 Re8 36. Qf6 Qe6 37. Qf2 Re7 38. Qxc5 Kg7 39. Rf2 Kh6 40.
Qe3+ Kg7 41. Qf3 a5 42. Qc3 Ra7 43. Rb2 Kg8 44. Rxb5 Qd7 45. Rxa5 Rxa5 46. Qxa5
Qe8 47. Qd5 Kg7 48. e6 fxe6 49. Qxe6 Qb5 50. Qe7+ Kh6 51. Qh4+ Kg7 52. Re7+ Kf8
53. Qf6+ Kg8 54. Qg7# 1-0

[Event "NK Pupillendag 2015"]
[Site "Roosendaal"]
[Date "2015.06.20"]
[Round "6.17"]
[White "G05: Basa Manasvita"]
[Black "Schoonenwolf Jack"]
[Result "0-1"]
[WhiteElo "208"]
[BlackElo "521"]
[PlyCount "100"]
[EventDate "2015.06.20"]
[WhiteClock "0:18:01"]
[BlackClock "0:17:08"]

1. e4 e5 2. Bc4 Nf6 3. Nc3 Nxe4 4. Nf3 Nxc3 5. dxc3 Bc5 6. Nxe5 d6 7. Nxf7 Qe7+
8. Be3 O-O 9. Nxd6+ Kh8 10. Nb5 Nc6 11. O-O Bxe3 12. fxe3 Rxf1+ 13. Bxf1 Bf5
14. Bd3 Qxe3+ 15. Kf1 Bxd3+ 16. cxd3 Qf4+ 17. Kg1 Rd8 18. Qf3 Qxf3 19. gxf3
Rxd3 20. Rf1 Rd2 21. f4 Rxb2 22. f5 Rxb5 23. h4 Rb2 24. Re1 Kg8 25. h5 h6 26.
Re8+ Kf7 27. Re1 Rxa2 28. Rf1 Rc2 29. Rf4 Rxc3 30. Rg4 a5 31. Rg6 a4 32. Kf2 a3
33. Rg1 a2 34. Ke2 Nb4 35. Kd2 Ra3 36. Ke2 a1=Q 37. Rxa1 Rxa1 38. Kd2 Kf6 39.
Kc3 Nc6 40. Kb2 Ra6 41. Kb3 Kxf5 42. Kc4 Kg5 43. Kb5 Kxh5 44. Kc5 g5 45. Kc4 g4
46. Kd3 g3 47. Ke2 Kh4 48. Kf1 Kh3 49. Kg1 Ra2 50. Kh1 Ra1# 0-1

[Event "NK Pupillendag 2015"]
[Site "Roosendaal"]
[Date "2015.06.20"]
[Round "6.19"]
[White "G07: Maters Vera"]
[Black "De Boer Sem"]
[Result "1-0"]
[WhiteElo "228"]
[BlackElo "534"]
[PlyCount "65"]
[EventDate "2015.06.20"]
[WhiteClock "0:15:24"]
[BlackClock "0:16:14"]

1. e4 e5 2. Nf3 Nc6 3. Nc3 Nf6 4. d4 exd4 5. Nxd4 Bc5 6. Nxc6 bxc6 7. Qf3 O-O
8. Bg5 Be7 9. Bxf6 Bxf6 10. Na4 d6 11. O-O-O Qe7 12. Bc4 Bg5+ 13. Kb1 Be6 14.
Bxe6 Qxe6 15. h3 Qc4 16. Qc3 Qxa4 17. b3 Qxe4 18. f3 Qe3 19. Qxe3 Bxe3 20. Rhe1
Bf2 21. Re4 Rfe8 22. Rxe8+ Rxe8 23. Rd2 Be3 24. Rd3 d5 25. g4 d4 26. c3 dxc3
27. Rxc3 Bd4 28. Rc4 c5 29. Ra4 Bf6 30. Rxa7 Re3 31. Rxc7 Rxf3 32. Rc8+ Bd8 33.
Rxd8# 1-0

[Event "NK Pupillendag 2015"]
[Site "Roosendaal"]
[Date "2015.06.20"]
[Round "6.24"]
[White "H04: Visser Isaac"]
[Black "Maris Lauri"]
[Result "0-1"]
[WhiteElo "512"]
[BlackElo "376"]
[PlyCount "90"]
[EventDate "2015.06.20"]
[WhiteClock "0:13:11"]
[BlackClock "0:12:03"]

1. e4 e5 2. Nf3 Nc6 3. Bc4 Nf6 4. Ng5 d5 5. exd5 Nxd5 6. Nxf7 Kxf7 7. Qf3+ Ke6
8. Nc3 Nd4 9. Bxd5+ Kd6 10. Qe4 Bf5 11. Qe3 Nxc2+ 12. Kd1 Nxe3+ 13. dxe3 Bg4+
14. Ke1 Bh5 15. e4 c6 16. Bc4 b5 17. Bd3 b4 18. Ne2 Bxe2 19. Bxe2 Kc7 20. Bd2
a5 21. Rc1 Rb8 22. a4 Qd6 23. Bb5 c5 24. Be3 Qb6 25. Ke2 Be7 26. Rhd1 Rhd8 27.
g4 Rxd1 28. Rxd1 Rd8 29. Bd3 Qb7 30. f4 exf4 31. Bxf4+ Bd6 32. h4 Bxf4 33. Kf3
Be5 34. Be2 Rxd1 35. Bxd1 Bxb2 36. h5 c4 37. Be2 c3 38. Bd1 b3 39. g5 c2 40.
Be2 c1=Q 41. Kf2 Qxe4 42. Bf3 Bd4+ 43. Kg2 Qg1+ 44. Kh3 Qxf3+ 45. Kh4 Qgg4# 0-1

[Event "NK Pupillendag 2015"]
[Site "Roosendaal"]
[Date "2015.06.20"]
[Round "6.10"]
[White "F10: Donders Hendrik"]
[Black "Bruggink Lyne"]
[Result "0-1"]
[WhiteElo "664"]
[BlackElo "561"]
[PlyCount "68"]
[EventDate "2015.06.20"]
[WhiteClock "0:16:08"]
[BlackClock "0:16:11"]

1. d4 d5 2. e3 Bf5 3. Bd3 Bxd3 4. Qxd3 Nc6 5. Qb3 Nf6 6. Qxb7 Na5 7. Qb5+ Nd7
8. Qxa5 Rb8 9. Qxa7 Ra8 10. Qb7 Rb8 11. Qc6 e6 12. c3 Rb6 13. Qa4 Qb8 14. Qc2
Bd6 15. Nf3 O-O 16. O-O Nf6 17. Ng5 Qe8 18. f3 e5 19. e4 exd4 20. cxd4 Rc6 21.
e5 Rxc2 22. exf6 gxf6 23. Nh3 Qe2 24. Rf2 Qe1+ 25. Rf1 Qe2 26. Rf2 Qd3 27. Rxc2
Qxc2 28. Bf4 Bxf4 29. Nxf4 Re8 30. Na3 Qxb2 31. Rb1 Qxa3 32. Nxd5 Qd3 33. Rf1
Qxd4+ 34. Rf2 Re1# 0-1

[Event "NK Pupillendag 2015"]
[Site "Roosendaal"]
[Date "2015.06.20"]
[Round "6.8"]
[White "F08: Gardair Nils"]
[Black "Tiggelaar Joas"]
[Result "1-0"]
[WhiteElo "589"]
[BlackElo "834"]
[PlyCount "147"]
[EventDate "2015.06.20"]
[WhiteClock "0:13:05"]
[BlackClock "0:18:33"]

1. e4 e5 2. Nf3 Nc6 3. Bc4 Bc5 4. d3 h6 5. O-O Nf6 6. Nc3 d6 7. Qe2 Bg4 8. Be3
Nd4 9. Bxd4 exd4 10. Nd5 Nxd5 11. exd5+ Qe7 12. Qxe7+ Kxe7 13. Rfe1+ Kf8 14.
Nd2 h5 15. f3 Bf5 16. Re2 Rh6 17. Rae1 Rg6 18. Nb3 Bb4 19. Rf1 Bh3 20. a3 Bc5
21. Nxc5 dxc5 22. Kh1 Bd7 23. b4 b5 24. Bb3 cxb4 25. axb4 a5 26. Re4 axb4 27.
Rxd4 c5 28. Rf4 Rga6 29. Rg1 Ra1 30. d6 Rxg1+ 31. Kxg1 Ra1+ 32. Kf2 c4 33. dxc4
Be6 34. cxb5 Bxb3 35. cxb3 Ra2+ 36. Kg3 Ra8 37. b6 Rb8 38. Rxb4 Ke8 39. b7 Kd7
40. Kh4 g6 41. g4 hxg4 42. fxg4 Kxd6 43. Kg3 Kc5 44. Rf4 Rxb7 45. h4 Rxb3+ 46.
Kh2 Rb7 47. h5 gxh5 48. gxh5 Rb8 49. Rxf7 Rh8 50. Rf5+ Kd6 51. Kg3 Ke6 52. Kg4
Rh6 53. Kg5 Rh7 54. Rf6+ Ke7 55. h6 Ke8 56. Kg6 Rh8 57. Kg7 Rxh6 58. Rxh6 Ke7
59. Rf6 Ke8 60. Kg6 Ke7 61. Kf5 Kd7 62. Re6 Kc7 63. Ke5 Kd7 64. Kd5 Kc7 65. Rd6
Kb7 66. Kc5 Kc7 67. Kd5 Kb7 68. Rc6 Ka7 69. Kc5 Kb7 70. Kb5 Ka7 71. Rb6 Ka8 72.
Kc6 Ka7 73. Kc7 Ka8 74. Ra6# 1-0

[Event "NK Pupillendag 2015"]
[Site "Roosendaal"]
[Date "2015.06.20"]
[Round "6.6"]
[White "F06: Zubair Muhammad Saad"]
[Black "Adema Wessel"]
[Result "0-1"]
[WhiteElo "805"]
[BlackElo "599"]
[PlyCount "144"]
[EventDate "2015.06.20"]
[WhiteClock "0:11:55"]
[BlackClock "0:08:18"]

1. d4 d5 2. c4 c6 3. Nc3 Nf6 4. Bg5 Bf5 5. Bxf6 exf6 6. e3 Bb4 7. a3 Bxc3+ 8.
bxc3 O-O 9. Bd3 Be6 10. cxd5 cxd5 11. Nf3 Qc7 12. Qc2 g6 13. e4 Nc6 14. O-O
Rfe8 15. exd5 Bxd5 16. Nd2 Qf4 17. Bc4 Bxc4 18. Nxc4 Rad8 19. Rfe1 Qg4 20. f3
Qg5 21. Rxe8+ Rxe8 22. Qb3 b6 23. h3 Qg3 24. Qa4 Re2 25. Ne3 Rxe3 26. Qxc6 Re2
27. f4 Qxf4 28. Qf3 Qxf3 29. gxf3 Re3 30. Kf2 Rxc3 31. Rd1 Rxa3 32. d5 Kf8 33.
Ke2 Rc3 34. Kd2 Rc5 35. Ke3 Ke7 36. Ke4 Kd6 37. Ra1 a5 38. Rb1 b5 39. Kd4 Rxd5+
40. Kc3 Rc5+ 41. Kb2 Ke5 42. Re1+ Kf4 43. Re7 b4 44. Rxf7 Kf5 45. Rxh7 a4 46.
h4 a3+ 47. Ka2 Rc2+ 48. Kb1 a2+ 49. Ka1 b3 50. Ra7 Kf4 51. Ra4+ Kxf3 52. Ra6
Kg4 53. Ra4+ Kf3 54. Ra3 Rc1+ 55. Kb2 f5 56. Rxb3+ Ke2 57. Kxa2 Rc2+ 58. Ka3 f4
59. Rh3 f3 60. Kb3 Rd2 61. Kc3 f2 62. Rh2 Rd8 63. Kc4 Ke1 64. Rxf2 Kxf2 65. Kc3
Ke3 66. Kb2 Rd3 67. Kb1 Rd2 68. Ka1 Kd3 69. Kb1 Rc2 70. Ka1 Kc3 71. Kb1 Kb3 72.
Ka1 Rc1# 0-1

[Event "NK Pupillendag 2015"]
[Site "Roosendaal"]
[Date "2015.06.20"]
[Round "6.9"]
[White "F09: Kudlicka Nathan"]
[Black "Bello Ingo"]
[Result "0-1"]
[WhiteElo "514"]
[BlackElo "673"]
[PlyCount "36"]
[EventDate "2015.06.20"]
[WhiteClock "0:15:16"]
[BlackClock "0:16:36"]

1. e4 c5 2. Nf3 Nc6 3. Bc4 d6 4. Nc3 Bg4 5. O-O Nd4 6. h3 Nxf3+ 7. Kh1 Nh2 8.
hxg4 Nxf1 9. Bxf1 e6 10. b3 Nf6 11. Bb2 h5 12. g5 Ng4 13. f3 Ne5 14. f4 Ng4 15.
Ne2 e5 16. fxe5 Qxg5 17. Kg1 Qh4 18. g3 Qh2# 0-1

[Event "NK Pupillendag 2015"]
[Site "Roosendaal"]
[Date "2015.06.20"]
[Round "6.22"]
[White "H02: Kazarjan Gachatur"]
[Black "Deshmukh Om"]
[Result "1-0"]
[WhiteElo "428"]
[BlackElo "543"]
[PlyCount "65"]
[EventDate "2015.06.20"]
[WhiteClock "0:17:22"]
[BlackClock "0:13:45"]

1. d4 d5 2. Nc3 Nf6 3. Bf4 a6 4. Be5 Nfd7 5. Nxd5 Nxe5 6. dxe5 e6 7. Ne3 Bb4+
8. c3 Bc5 9. Qxd8+ Kxd8 10. Rd1+ Bd7 11. Nc4 b5 12. Na5 Bb6 13. Nb3 Nc6 14. g3
Nxe5 15. Bg2 Rb8 16. Nf3 Nxf3+ 17. Bxf3 Ke8 18. O-O Bc8 19. Rd2 Bb7 20. Bxb7
Rxb7 21. Rfd1 Ke7 22. Rd7+ Kf6 23. Nd4 Bxd4 24. R1xd4 e5 25. Re4 Kf5 26. f3 Rb6
27. Rxf7+ Ke6 28. Rxc7 Rg8 29. f4 Rd6 30. Rxe5+ Kf6 31. g4 Rd1+ 32. Kf2 Kg6 33.
Re6# 1-0

[Event "NK Pupillendag 2015"]
[Site "Roosendaal"]
[Date "2015.06.20"]
[Round "6.23"]
[White "H03: Van Bemmel Twan"]
[Black "Kutchoukov Thomas"]
[Result "0-1"]
[WhiteElo "477"]
[BlackElo "623"]
[PlyCount "72"]
[EventDate "2015.06.20"]
[WhiteClock "0:18:17"]
[BlackClock "0:16:09"]

1. e4 c6 2. d4 d5 3. Nc3 dxe4 4. Nxe4 Bf5 5. Bd3 Nd7 6. Nf6+ Ngxf6 7. Bxf5 e6
8. Bd3 Bd6 9. Nf3 O-O 10. O-O Re8 11. Re1 Qe7 12. Ne5 Bxe5 13. dxe5 Nd5 14. Be4
Nxe5 15. Bxd5 exd5 16. Bf4 Qf6 17. Bg3 Re7 18. Qd4 Rae8 19. Re2 Nf3+ 20. gxf3
Qxd4 21. Rxe7 Rxe7 22. c3 Qd2 23. Rf1 Re1 24. Kg2 Rxf1 25. Kxf1 Qxb2 26. Kg2
Qxc3 27. a4 b5 28. axb5 cxb5 29. h4 d4 30. Be5 b4 31. Kf1 b3 32. Ke2 d3+ 33.
Ke3 Qc2 34. Kd4 d2 35. Ke3 d1=Q 36. f4 Qce2# 0-1

[Event "NK Pupillendag 2015"]
[Site "Roosendaal"]
[Date "2015.06.20"]
[Round "4.9"]
[White "F09: Tran Kimmily"]
[Black "Van Hagen Fabiënne"]
[Result "1-0"]
[WhiteElo "650"]
[BlackElo "401"]
[PlyCount "75"]
[EventDate "2015.06.20"]
[WhiteClock "0:13:02"]
[BlackClock "0:16:09"]

1. e4 e5 2. Nf3 Nc6 3. Bc4 Nf6 4. Ng5 d5 5. exd5 Nxd5 6. Nxf7 Ne3 7. dxe3 Qxd1+
8. Kxd1 Rg8 9. e4 Bg4+ 10. f3 Bd7 11. Nd6+ Bxd6 12. Bxg8 O-O-O 13. Bd5 Nb4 14.
Nc3 Bc5 15. Bg5 Re8 16. a3 Nxd5 17. Nxd5 c6 18. Nc3 Bd4 19. Kd2 h6 20. Be3
Bxe3+ 21. Kxe3 Be6 22. Rad1 a6 23. Rd6 Bc4 24. Rhd1 b5 25. Rxc6+ Kb7 26. Rdd6
Rc8 27. Rxa6 b4 28. axb4 Bxa6 29. b5 Kc7 30. Rxa6 Kb7 31. Kd3 Rc5 32. b4 Rc7
33. Nd5 Rd7 34. Rc6 Rd8 35. Kc4 Rb8 36. Rc7+ Ka8 37. b6 g5 38. Ra7# 1-0

[Event "NK Pupillendag 2015"]
[Site "Roosendaal"]
[Date "2015.06.20"]
[Round "2.13"]
[White "G01: Han Yichen"]
[Black "Klaren Oscar"]
[Result "1-0"]
[WhiteElo "1063"]
[BlackElo "426"]
[PlyCount "137"]
[EventDate "2015.06.20"]
[WhiteClock "0:22:28"]
[BlackClock "0:22:14"]

1. e4 e5 2. Nf3 Nc6 3. Bc4 d6 4. d4 exd4 5. Nxd4 Nf6 6. Nc3 a6 7. Be3 b5 8.
Nxc6 bxc4 9. Nxd8 Kxd8 10. e5 Be7 11. exf6 Bxf6 12. O-O Bxc3 13. bxc3 Bb7 14.
Qd4 Rg8 15. Bg5+ f6 16. Bxf6+ gxf6 17. Qxf6+ Kd7 18. Qf7+ Kc6 19. Qxc4+ Kb6 20.
Rab1+ Ka7 21. Qxc7 Rab8 22. Qb6+ Ka8 23. Qxd6 Rxg2+ 24. Kh1 Rg6+ 25. Rxb7 Rxd6
26. Rxb8+ Kxb8 27. Rg1 Kc7 28. Rg7+ Kc6 29. Rxh7 Kc5 30. Rh4 a5 31. Rh5+ Kb6
32. Kg2 Rd2 33. Rh6+ Kb5 34. c4+ Kxc4 35. Rc6+ Kb5 36. Rc8 Kb4 37. h4 Ka3 38.
h5 Kxa2 39. h6 Rd7 40. Ra8 Rd5 41. h7 Rg5+ 42. Kf3 Rh5 43. h8=Q Rxh8 44. Rxh8
a4 45. Ra8 a3 46. Rxa3+ Kxa3 47. Ke3 Kb4 48. f4 Kc5 49. Ke4 Kd6 50. Kf5 Ke7 51.
c4 Kd7 52. Kf6 Ke8 53. f5 Kd8 54. Kf7 Kd7 55. f6 Kd8 56. Ke6 Ke8 57. f7+ Kf8
58. c5 Kg7 59. Ke7 Kg6 60. f8=Q Kg5 61. Qf6+ Kg4 62. Ke6 Kg3 63. Qf5 Kg2 64.
Qf4 Kh3 65. Qg5 Kh2 66. Kf5 Kh1 67. Kf4 Kh2 68. Kf3 Kh1 69. Qg2# 1-0

[Event "NK Pupillendag 2015"]
[Site "Roosendaal"]
[Date "2015.06.20"]
[Round "1.23"]
[White "H03: Deshmukh Om"]
[Black "Salomons Florian"]
[Result "1-0"]
[WhiteElo "543"]
[BlackElo "219"]
[PlyCount "25"]
[EventDate "2015.06.20"]
[WhiteClock "0:15:26"]
[BlackClock "0:14:41"]

1. e4 e5 2. Nf3 Bc5 3. Nc3 Bb6 4. Bc4 Qe7 5. O-O Qc5 6. d3 Nf6 7. Ng5 Ng8 8.
Nxf7 Qc6 9. Nxh8 Qh6 10. Bxg8 Nc6 11. Bf7+ Kf8 12. Bc4 a6 13. Qf3+ {Kg8 Qf7+
Kxh8 Qf8#} 1-0

[Event "NK Pupillendag 2015"]
[Site "Roosendaal"]
[Date "2015.06.20"]
[Round "2.11"]
[White "F11: Salomons Matthijs"]
[Black "Mensing Luana"]
[Result "1-0"]
[WhiteElo "624"]
[BlackElo "407"]
[PlyCount "31"]
[EventDate "2015.06.20"]
[WhiteClock "0:15:25"]
[BlackClock "0:14:53"]

1. d4 d5 2. c4 Nf6 3. Nc3 dxc4 4. e4 Nc6 5. Nf3 e6 6. Bxc4 Bb4 7. e5 Ne4 8. Bd2
Nxd2 9. Qxd2 O-O 10. O-O Bd7 11. a3 Bxc3 12. bxc3 Na5 13. Ba2 Ba4 14. Qd3 a6
15. Bb1 Bb5 16. Qxh7# 1-0

[Event "NK Pupillendag 2015"]
[Site "Roosendaal"]
[Date "2015.06.20"]
[Round "2.14"]
[White "G02: Dijkstra Melle"]
[Black "Visser Rogier"]
[Result "1-0"]
[WhiteElo "589"]
[BlackElo "425"]
[PlyCount "75"]
[EventDate "2015.06.20"]
[WhiteClock "0:14:18"]
[BlackClock "0:16:03"]

1. d4 d5 2. Nc3 Nf6 3. Bf4 c6 4. Nf3 Nbd7 5. e3 e6 6. Bd3 Bb4 7. Qd2 O-O 8. a3
Bxc3 9. Qxc3 b6 10. Qxc6 Rb8 11. Bxb8 Ba6 12. Bxa6 Qxb8 13. Bd3 Ng4 14. Qxd7
Rd8 15. Qa4 a5 16. h3 Nf6 17. Ne5 Ne4 18. Nc6 b5 19. Bxb5 Qc7 20. Nxd8 Qxd8 21.
O-O h6 22. b4 Qc7 23. bxa5 Nc3 24. Qb4 g6 25. a6 Ne2+ 26. Bxe2 Qxc2 27. a7 Qc8
28. Qb8 Qxb8 29. axb8=Q+ Kg7 30. Rab1 h5 31. Rb7 g5 32. Bxh5 g4 33. hxg4 e5 34.
Rxf7+ Kh6 35. Qh8+ Kg5 36. g3 e4 37. Qg8+ Kh6 38. Rh7# {Kxh7} 1-0

[Event "NK Pupillendag 2015"]
[Site "Roosendaal"]
[Date "2015.06.20"]
[Round "2.15"]
[White "G03: Artunov Gagik"]
[Black "Ekker Joshua"]
[Result "1-0"]
[WhiteElo "400"]
[BlackElo "561"]
[PlyCount "35"]
[EventDate "2015.06.20"]
[WhiteClock "0:15:14"]
[BlackClock "0:15:54"]

1. e4 e5 2. Nf3 Nc6 3. Bc4 Bc5 4. Ng5 Qxg5 5. d4 exd4 6. Bxg5 Nf6 7. Bxf6 gxf6
8. Qh5 Rf8 9. O-O d6 10. c3 dxc3 11. Nxc3 Kd8 12. Qh4 Rg8 13. Qxf6+ Kd7 14.
Qxf7+ Kd8 15. Qxg8+ Kd7 16. Be6+ Ke7 17. Qf7+ Kd8 18. Qf8# 1-0

[Event "NK Pupillendag 2015"]
[Site "Roosendaal"]
[Date "2015.06.20"]
[Round "1.24"]
[White "H04: Gijsen Samuel"]
[Black "Visser Isaac"]
[Result "0-1"]
[WhiteElo "205"]
[BlackElo "512"]
[PlyCount "24"]
[EventDate "2015.06.20"]
[WhiteClock "0:16:30"]
[BlackClock "0:15:25"]

1. d4 d5 2. Nf3 Nc6 3. Nc3 Nf6 4. e3 Bf5 5. Bd3 Bxd3 6. cxd3 Qd7 7. g3 O-O-O 8.
O-O Qh3 9. Ng5 Qh6 10. Nxf7 Qh3 11. Nxh8 Ng4 12. f3 Qxh2# 0-1

[Event "NK Pupillendag 2015"]
[Site "Roosendaal"]
[Date "2015.06.20"]
[Round "2.5"]
[White "F05: Tiggelaar Joas"]
[Black "Ang Rufus"]
[Result "0-1"]
[WhiteElo "834"]
[BlackElo "546"]
[PlyCount "74"]
[EventDate "2015.06.20"]
[WhiteClock "0:02:33"]
[BlackClock "0:06:10"]

1. e4 e5 2. Nf3 Nc6 3. Bc4 h6 4. Nc3 Nf6 5. O-O Bc5 6. Nxe5 Nxe5 7. d4 Bd6 8.
dxe5 Bxe5 9. Nd5 Nxd5 10. Qxd5 Qe7 11. f4 Bd6 12. Rf3 O-O 13. Qd4 Bc5 14. Be3
Bxd4 15. Bxd4 d6 16. Rg3 g6 17. f5 Kh7 18. fxg6+ fxg6 19. Bd3 Rg8 20. Bc4 Rf8
21. Re1 c5 22. Bc3 Be6 23. Bd3 Rg8 24. Rf1 Raf8 25. Re1 a6 26. a3 b5 27. e5
dxe5 28. Bxe5 c4 29. Be4 h5 30. Bc3 Qa7+ 31. Kh1 Qf2 32. h3 Qxg3 33. Bb7 Bc8
34. Bd5 Rf2 35. Be5 Qg5 36. Bxg8+ Kxg8 37. Bh2 Qxg2# 0-1

[Event "NK Pupillendag 2015"]
[Site "Roosendaal"]
[Date "2015.06.20"]
[Round "2.2"]
[White "F02: Molanus Florian"]
[Black "Honkoop Stella"]
[Result "0-1"]
[WhiteElo "601"]
[BlackElo "895"]
[PlyCount "68"]
[EventDate "2015.06.20"]
[WhiteClock "0:10:46"]
[BlackClock "0:11:01"]

1. d4 e6 2. Nc3 d5 3. Nf3 c5 4. e4 Nc6 5. Bb5 a6 6. Bxc6+ bxc6 7. Be3 Qb6 8. b3
Nf6 9. Qd3 Qb4 10. a3 Qa5 11. O-O Be7 12. dxc5 O-O 13. b4 Qc7 14. Ne2 dxe4 15.
Bf4 exd3 16. Bxc7 dxe2 17. Rfe1 Ra7 18. Bb6 Rd7 19. Rxe2 Nd5 20. Ba5 Bf6 21.
Rd1 Nc3 22. Rxd7 Nxe2+ 23. Kf1 Bxd7 24. Kxe2 e5 25. Nd2 Re8 26. f3 Bf5 27. c4
e4 28. fxe4 Bxe4 29. g3 Bg5 30. Nb3 Bc2+ 31. Kf3 Bxb3 32. h4 Bc1 {Kf4 [%clk 0:
10:20] Bxc4+ [%clk 0:07:04]} 33. a4 {Bb3+ [%clk 0:07:03] b5 [%clk 0:10:28]
axb5+ [%clk 0:06:43] axb5 [%clk 0:10:33]} Be3 {Kf3 [%clk 0:10:35] Bxc5 [%clk 0:
06:38] b6 [%clk 0:10:42] Rb8 [%clk 0:06:37]} 34. g4 {Bxb6 [%clk 0:06:44] Bc3 
[%clk 0:10:53] c5 [%clk 0:06:48]} g5 {Bc2 [%clk 0:06:56] Be5 [%clk 0:11:05]
Rc8 [%clk 0:07:00] Kg4 [%clk 0:11:07] c4 [%clk 0:07:09] Kh5 [%clk 0:11:14] c3 
[%clk 0:07:18] g6 [%clk 0:11:16] f6 [%clk 0:06:57] gxh7+ [%clk 0:11:15] Kxh7 
[%clk 0:07:05] Bf4 [%clk 0:11:23] Bd1#} 0-1

[Event "NK Pupillendag 2015"]
[Site "Roosendaal"]
[Date "2015.06.20"]
[Round "2.3"]
[White "F03: Van Der Hagen Loek"]
[Black "Bruggink Lyne"]
[Result "1-0"]
[WhiteElo "863"]
[BlackElo "561"]
[PlyCount "47"]
[EventDate "2015.06.20"]
[WhiteClock "0:17:03"]
[BlackClock "0:15:26"]

1. e4 e5 2. Nf3 Nc6 3. Bc4 Bc5 4. b4 Nxb4 5. c3 Nc6 6. d4 exd4 7. O-O dxc3 8.
Bxf7+ Kxf7 9. Qd5+ Ke8 10. Qh5+ g6 11. Qxc5 d6 12. Qxc3 Qf6 13. e5 dxe5 14. Qb3
e4 15. Bb2 Qe7 16. Bxh8 exf3 17. Nd2 fxg2 18. Rfe1 Be6 19. Rxe6 Nd4 20. Rxe7+
Kxe7 21. Bxd4 Nh6 22. Re1+ Kd7 23. Qe6+ Kd8 24. Qe8# 1-0

[Event "NK Pupillendag 2015"]
[Site "Roosendaal"]
[Date "2015.06.20"]
[Round "2.4"]
[White "F04: Gardair Nils"]
[Black "Roebers Eline"]
[Result "0-1"]
[WhiteElo "589"]
[BlackElo "835"]
[PlyCount "36"]
[EventDate "2015.06.20"]
[WhiteClock "0:14:15"]
[BlackClock "0:16:24"]

1. e4 e5 2. Nf3 Nc6 3. Bc4 Nf6 4. Ng5 Bc5 5. Nxf7 Bxf2+ 6. Kxf2 Nxe4+ 7. Ke1
Qh4+ 8. g3 Nxg3 9. Rf1 Nxf1+ 10. Kxf1 Qxc4+ 11. d3 Qxf7+ 12. Ke1 Nd4 13. c3
Nf3+ 14. Ke2 d5 15. Qf1 Bg4 16. h3 Bh5 17. Qh1 Nd4+ 18. Kd2 Qf2# 0-1

[Event "NK Pupillendag 2015"]
[Site "Roosendaal"]
[Date "2015.06.20"]
[Round "1.21"]
[White "H01: Kutchoukov Thomas"]
[Black "Harchaoui Yusri"]
[Result "1-0"]
[WhiteElo "623"]
[BlackElo "258"]
[PlyCount "35"]
[EventDate "2015.06.20"]
[WhiteClock "0:16:42"]
[BlackClock "0:15:30"]

1. e4 e5 2. Nf3 Nc6 3. Bc4 Nf6 4. d3 Bc5 5. O-O O-O 6. Nc3 Nd4 7. Nxe5 Nc6 8.
Nxc6 bxc6 9. d4 Bxd4 10. Qxd4 Re8 11. Re1 Rxe4 12. Rxe4 Nxe4 13. Qxe4 Rb8 14.
Qf4 Qe8 15. Qxc7 Qe1+ 16. Bf1 Rb4 17. Qxc8+ Qe8 18. Qxe8# 1-0

[Event "NK Pupillendag 2015"]
[Site "Roosendaal"]
[Date "2015.06.20"]
[Round "1.22"]
[White "H02: Van Delft Adinda"]
[Black "Huang Wendy"]
[Result "0-1"]
[WhiteElo "222"]
[BlackElo "598"]
[PlyCount "62"]
[EventDate "2015.06.20"]
[WhiteClock "0:14:53"]
[BlackClock "0:13:25"]

1. e4 e5 2. Nf3 Nc6 3. Nc3 Nf6 4. Bc4 Bc5 5. O-O d6 6. Ng5 O-O 7. Nxf7 Rxf7 8.
Bxf7+ Kxf7 9. d3 Ng4 10. Qf3+ Kg8 11. Bd2 Nf6 12. Bg5 Nd4 13. Qg3 Bb4 14. Nd5
Ne2+ 15. Kh1 Nxg3+ 16. hxg3 Bc5 17. b4 Bd4 18. Rae1 h6 19. Bxf6 gxf6 20. c3 Bb6
21. Nxb6 axb6 22. f4 Rxa2 23. fxe5 dxe5 24. d4 exd4 25. cxd4 Qxd4 26. Rd1 Qxe4
27. Rg1 Bg4 28. Rd8+ Kg7 29. Rd7+ Kg6 30. Rxc7 Qe5 31. Rxb7 Qh5# 0-1

[Event "NK Pupillendag 2015"]
[Site "Roosendaal"]
[Date "2015.06.20"]
[Round "6.7"]
[White "F07: Ang Rufus"]
[Black "Roebers Eline"]
[Result "0-1"]
[WhiteElo "546"]
[BlackElo "835"]
[PlyCount "48"]
[EventDate "2015.06.20"]
[WhiteClock "0:11:21"]
[BlackClock "0:10:32"]

1. e4 e5 2. Nf3 Nc6 3. Bb5 d6 4. Nc3 Nf6 5. O-O a6 6. Bxc6+ bxc6 7. d3 Be7 8.
Be3 O-O 9. Re1 Re8 10. b4 Bg4 11. h3 Bh5 12. a4 d5 13. exd5 cxd5 14. Na2 Qc8
15. g4 Bg6 16. Nxe5 Bd6 17. Nxg6 hxg6 18. Bg5 Rxe1+ 19. Qxe1 c5 20. bxc5 Qxc5
21. Kh1 Qxc2 22. Qd2 Qxa4 23. Qc3 d4 24. Nc1 Qd1+ 0-1

[Event "NK Pupillendag 2015"]
[Site "Roosendaal"]
[Date "2015.06.20"]
[Round "7.4"]
[White "F04: Adema Wessel"]
[Black "Roebers Eline"]
[Result "1/2-1/2"]
[WhiteElo "599"]
[BlackElo "835"]
[PlyCount "38"]
[EventDate "2015.06.20"]
[WhiteClock "0:11:58"]
[BlackClock "0:09:50"]

1. d4 d5 2. c4 Nf6 3. Nc3 Nc6 4. Nf3 Bf5 5. Bf4 e6 6. cxd5 exd5 7. g3 Bb4 8.
Bg2 Ne4 9. Qb3 Nxc3 10. bxc3 Ba5 11. O-O Rb8 12. Rfe1 O-O 13. Ng5 h6 14. Nf3
Re8 15. e3 Qd7 16. Ne5 Nxe5 17. Bxe5 Bb6 18. Bxd5 Rbd8 19. Bg2 c6 1/2-1/2